| 000 | 00627cam a22002053a 4500 | ||
|---|---|---|---|
| 001 | 39253 | ||
| 003 | PGUSA | ||
| 005 | 20140828083855.0 | ||
| 008 | 120324s2012||||xxu|||||s|||||000 | eng d | ||
| 040 |
_aPGUSA _beng |
||
| 042 | _adc | ||
| 100 | 1 |
_aParkman, Francis, _d1823-1893 |
|
| 245 | 1 | 4 |
_aThe Conspiracy of Pontiac and the Indian War after the Conquest of Canada _h[electronic resource] / _cFrancis Parkman |
| 260 |
_bProject Gutenberg, _c2012 |
||
| 506 | _aPublic domain in the USA. | ||
| 516 | _aElectronic text | ||
| 830 | 0 |
_aProject Gutenberg _v39253 |
|
| 856 | 4 | 0 | _uhttp://www.gutenberg.org/ebooks/39253 |
| 942 | _cEB | ||
| 999 |
_c268506 _d268506 |
||